| 000 | 00425nam a2200169 a 4500 | ||
|---|---|---|---|
| 001 | 0605 | ||
| 005 | 20140414131910.0 | ||
| 008 | 040201s19uu xx 00 eng d | ||
| 020 | _a0-307-00110-5 | ||
| 050 |
_aER _bG18 1990 |
||
| 100 | _aSimone, Norma | ||
| 245 |
_aGarfield : _bthe cat show / _cNorma Simone. |
||
| 260 |
_aU.S.A : _bGolden, _c1990. |
||
| 300 | _ap. ; cm. | ||
| 650 |
_aCats _xfiction. |
||
| 999 |
_c111182 _d111182 |
||